000 00290nam a22001337a 4500
008 181012b xxu||||| |||| 00| 0 eng d
020 _a2900803613743
041 _aeng
080 _a610
100 _a4
101 _aSHM
245 _aRespiratory Disease
_cWilkins, R.L
942 _2udc
_cBK
999 _c49567
_d49567